| 000 | 00459nam a2200169Ia 4500 | ||
|---|---|---|---|
| 008 | 131103s9999 xx 000 0 und d | ||
| 040 | _aLoreto College | ||
| 041 | _aEnglish | ||
| 082 |
_a880/HOM _bLCLIB(press)/ |
||
| 245 | 4 |
_aThe odyssey of homer _cTransleted by; William Cowper |
|
| 260 |
_aLondon _bJ.M.Dend _c1913 |
||
| 300 |
_a368p. _c 18cm |
||
| 650 | _aGreek literature | ||
| 700 | _aCowper, William; trl. | ||
| 850 | _aLCLIB/880/HOM | ||
| 942 | _cBK | ||
| 999 |
_c24870 _d75349 |
||